Countries that border other countries with the same initial - Statistics

General Stats
  • This quiz has been taken 20 times
  • The average score is 15 of 26
Answer Stats
Initial Country % Correct
K Kazakhstan
94%
I Iran
88%
I Iraq
88%
E Ethiopia
81%
Z Zambia
81%
Z Zimbabwe
81%
E Eritrea
75%
L Latvia
69%
L Lithuania
69%
C Central African Republic
63%
G Guinea
63%
C Chad
56%
G Guinea-Bissau
56%
M Mauritania
56%
M Mali
50%
A Armenia
44%
A Azerbaijan
44%
C Cameroon
44%
M Morocco
44%
N Niger
44%
N Nigeria
44%
S South Sudan
38%
S Sudan
38%
M Malawi
25%
M Mozambique
25%
K Kirguistan
0%
No matching quizzes found
Score Distribution
Percent of People with Each Score
Percentile by Number Answered
Your Score History
You have not taken this quiz